|
|
|
|
| LEADER |
00000nab a2200000 a 4500 |
| 001 |
vtls000841647 |
| 003 |
SK-MaSNL |
| 005 |
20260304124019.0 |
| 008 |
250429c2003 xo 0 slo |
| 015 |
|
|
|a SNBRB2003/08-21844
|
| 035 |
|
|
|a CLN000193302
|
| 035 |
|
|
|a urn:nbn:sk:snk-ab98xr
|
| 035 |
|
|
|a (urnnbn)urn:nbn:sk:snk:ar-a0823f
|
| 035 |
|
|
|a (uuid)0a000805-b960-482f-989f-91f80e097f77
|
| 040 |
|
|
|a SNKBUCL
|b slo
|c SNKBUCL
|e AACR2
|
| 041 |
0 |
|
|a slo
|
| 044 |
|
|
|a xo
|c SK
|
| 080 |
|
|
|a 910.4(961/964)"15"
|2 1997
|
| 080 |
|
|
|a 910.4(265)"15"
|2 1997
|
| 100 |
1 |
|
|a Krupa, Viktor,
|d 1936-2021
|4 aut
|9 5206
|
| 245 |
1 |
0 |
|a Doni Quijoti Pacifiku
|b Európania objavujú Polynéziu
|c Viktor Krupa
|
| 300 |
|
|
|b Fotogr.
|
| 504 |
|
|
|a Bibliogr. odkazy
|
| 650 |
0 |
7 |
|a Európania
|x objavy zemepisné
|y stor. 16.
|2 snkbucl
|9 1434178
|
| 650 |
0 |
7 |
|a objavy zemepisné
|y stor. 16.
|2 snkbucl
|9 1434179
|
| 650 |
0 |
7 |
|a objavenie Tichého oceánu
|y 1513
|2 snkbucl
|9 1434180
|
| 651 |
|
7 |
|a Tichý oceán
|2 SNKPHgeo
|9 83381
|
| 651 |
|
7 |
|a Polynézia
|2 SNKPHgeo
|9 73540
|
| 655 |
|
7 |
|a články z novín a časopisov
|2 snkbucl
|9 267496
|
| 773 |
0 |
|
|t História
|g Roč. 3, č. 4 (2003), s. 8-11
|x 1335-8316
|
| 850 |
|
|
|a Slovenská národná knižnica
|
| 852 |
|
|
|a Slovenská národná knižnica
|
| 954 |
|
|
|a odborná, vedecká literatúra pôvodná (slovenská)
|2 lita
|
| 958 |
|
|
|a article13
|
| 958 |
|
|
|a NB
|
| 958 |
|
|
|a OND
|
| 958 |
|
|
|a EUIPO
|
| 992 |
|
|
|a RBX
|
| 999 |
|
|
|c 2890413
|d 2892343
|